[Event "Yingmei Cup CHN-chT 2017"]
[Site "?"]
[Date "2017.11.04"]
[Round "18"]
[White "Zeng, Chongsheng"]
[Black "Dai, Changren"]
[Result "1-0"]
[WhiteElo "2546"]
[BlackElo "2425"]
[Annotator "TA"]
[PlyCount "93"]
[EventDate "2017.??.??"]
[SourceTitle "Tianjin"]

1. e4 e5 2. Nf3 Nc6 3. Bc4 Bc5 4. c3 Nf6 5. d4 exd4 6. e5 d5 7. Bb5 Ne4 8. cxd4
Bb6 9. Nc3 O-O 10. Be3 {C54: Italienische Partie (Hauptvariante)} Bg4 11. Qc2 (
11. h3 Bh5 12. Qc2 Bg6 13. Qb3 Ne7 14. O-O c6 15. Bd3 Ng3 16. Rfd1 Bxd3 17.
Rxd3 Ngf5 {1/2-1/2 (65) Naiditsch,A (2702) -Kramnik,V (2794) Antalya 2017})
11... Bf5 12. Qb3 {LiveBook: 12 Partien. Die Stellung ist ausgeglichen.} Nxc3 (
12... Na5 $11 13. Qxd5 Qc8) 13. Bxc6 $1 $14 Ba5 $146 ({Vorgänger:} 13... bxc6
14. Qxc3 Bd7 15. O-O f6 16. exf6 gxf6 17. Rac1 Kh8 {1/2-1/2 (40) Wu,Y (1963)
-Kiss,B (1899) Bad Gleichenberg 2013}) 14. bxc3 bxc6 15. Qa3 Bb6 16. O-O Be4
17. Nd2 Bd3 18. Rfc1 f6 19. exf6 Qxf6 20. Re1 Rae8 21. f3 Qd6 22. Qc1 c5 23.
Nb3 cxd4 24. cxd4 Qg6 25. Kh1 c6 26. Nc5 Ba5 27. Rg1 ({Besser ist} 27. Bd2 $11
Rxe1+ 28. Bxe1) 27... Be2 {...Txf3! ist eine echte Drohung.} 28. Nd7 Rxf3 29.
Ne5 {[#]} Rxe5 $1 30. dxe5 {zielt auf Db2 ab.} Qe4 (30... h6 $1 $11) 31. Qxc6
Qxe5 (31... h5 $16 32. Bxa7 Bc3) 32. Bd4 $1 $18 ({Falsch wäre} 32. Bxa7 $2 Bc7
$1 $19) 32... Qxd4 33. Qe6+ Rf7 {Und weiter mit ...Lg4 wäre nett.} 34. Qxe2
$40 {Und Tgf1 würde nun gewinnen. Weiss greift entschieden an.} Qe4 35. Qa6
Bb6 {[#]} 36. Rae1 $1 Be3 37. Rgf1 {Beabsichtigt Dc8+ und Matt.} Rxf1+ (37...
Re7 {war angesagt.} 38. Qc8+ Re8) 38. Rxf1 {Endspiel Droht Matt per Dc8+.
KDT-KDL} h6 39. Qc8+ Kh7 40. Qf5+ Qxf5 41. Rxf5 {KT-KL} d4 42. Rd5 Kg6 43. g3
Kf6 44. Kg2 g6 $2 (44... Ke6 {ist eine bessere Verteidigung.} 45. Ra5 d3) 45.
Kf3 Bg1 46. Ra5 h5 (46... d3 $142 47. Rd5 Kf7 48. Rxd3 Ke7) 47. Ke4 {Precision:
Weiß = 74%, Schwarz = 38%.} 1-0

[Event "Yingmei Cup CHN-chT 2017"]
[Site "?"]
[Date "2017.11.04"]
[Round "18"]
[White "Liu, Qingnan"]
[Black "Ma, Zhonghan"]
[Result "1-0"]
[WhiteElo "2512"]
[BlackElo "2473"]
[Annotator "TA"]
[PlyCount "97"]
[EventDate "2017.??.??"]
[SourceTitle "Tianjin"]

1. c4 Nf6 2. g3 c6 3. Nf3 d5 4. b3 Bg4 5. Bg2 Nbd7 6. Bb2 e6 7. O-O Bd6 8. d3
O-O 9. Nbd2 Qe7 10. a3 a5 11. Re1 {LiveBook: 9 Games. A12: English Opening: 1..
.c6 with b3 by White} (11. Qc2 h6 12. Rfe1 e5 13. e4 d4 14. Kh1 Nh7 15. Ng1 Ng5
16. Rf1 Ne6 17. Bf3 Nf6 18. Qd1 h5 19. Be2 {1/2-1/2 (33) Hickl,J (2588)
-Jussupow,A (2584) Switzerland 2015}) 11... Rfe8 12. h3 Bh5 13. Nh4 $146 {
The position is equal.} ({Predecessor:} 13. e4 dxe4 14. dxe4 Be5 15. Qc2 Bxb2
16. Qxb2 e5 17. b4 Bxf3 18. Bxf3 b6 19. c5 axb4 20. axb4 bxc5 21. bxc5 Qxc5 {
1/2-1/2 (27) Dumpor,A (2376)-Doric,N (2408) Kostrena 2002}) 13... Qf8 14. Nf1
e5 15. Ne3 Bc5 16. Nef5 Bg6 17. e4 (17. d4 $14 exd4 18. cxd5) 17... dxe4 18.
dxe4 Bxf5 19. Nxf5 g6 20. Nh4 Qd6 21. Qc2 Rad8 22. Nf3 Nh5 23. Bc3 Bxa3 24.
Bxa5 b6 $1 25. Bc3 Bb4 26. Red1 Qc5 {With the idea ...Bxc3.} 27. Ra7 {Bxb4 is
the strong threat.} Bxc3 28. Qxc3 Nhf6 29. b4 $36 {White has good play.} Qe7
30. g4 Ra8 31. Qa1 Rxa7 32. Qxa7 {Black must now prevent g5.} h6 33. Qc7 c5 (
33... Qxb4 $11 34. Rxd7 Nxd7 35. Qxd7 Re6) 34. b5 $14 Ra8 {[#]} (34... Kg7 $16)
35. h4 $1 $18 g5 36. hxg5 hxg5 37. Nxg5 {aiming for Nf3.} Nxg4 $2 (37... Ne8 {
is tougher.} 38. Qxd7 Qxg5) 38. Nf3 (38. Qxd7 Qxg5 39. Qd2 Qh5 $15) 38... Ngf6
39. Bh3 Ra3 {[#]} 40. Kg2 $1 (40. Bxd7 Rxf3 41. Kg2 Rxf2+ 42. Kxf2 Nxe4+ 43.
Ke2 Nc3+ 44. Kd2 Nxd1 $16) 40... Qf8 41. Rg1 (41. Rxd7 Qg7+ 42. Kf1 Nxd7 $11)
41... Rd3 42. Bf5 (42. Kf1+ $142 Kh8 43. Ke2) 42... Qe7 43. Qc8+ Nf8 $2 {[#]} (
43... Ne8 44. Kf1+ Kf8) 44. Nxe5 $1 {White is clearly winning.} Rd8 (44... Qxe5
45. Kf1+) 45. Nc6 Qxe4+ 46. Bxe4 (46. Kf1+ $142 Kh8 47. Qxd8 (47. Bxe4 Rxc8 48.
Bf5 Ra8 $16) 47... Qxc4+ 48. Kg2 Qd5+ 49. Kh2 Qxd8 50. Nxd8) 46... Rxc8 47.
Ne7+ Kh8 48. Nxc8 Nxe4 49. Nxb6 {Precision: White = 56%, Black = 32%.} 1-0

[Event "Yingmei Cup CHN-chT 2017"]
[Site "?"]
[Date "2017.11.04"]
[Round "18"]
[White "Stefanova, Antoaneta"]
[Black "Lei, Tingjie"]
[Result "1/2-1/2"]
[WhiteElo "2506"]
[BlackElo "2528"]
[Annotator "TA"]
[PlyCount "40"]
[EventDate "2017.??.??"]
[SourceTitle "Tianjin"]

1. b3 e5 2. Bb2 Nc6 3. e3 g6 4. Nf3 Bg7 5. d4 (5. c4 d6 6. Be2 f5 7. h4 h6 8.
Nc3 Nf6 9. d4 e4 10. Ng1 Ne7 11. d5 c5 12. Nh3 O-O {1/2-1/2 (39) Rapport,R 
(2702)-Van Wely,L (2695) Wijk aan Zee 2017}) 5... exd4 6. Nxd4 {A01:
Larsen-Eröffnung} Nxd4 7. Bxd4 Nf6 8. c4 {LiveBook: 3 Partien. Die Stellung
ist ausgeglichen.} O-O 9. Be2 d5 10. Nd2 dxc4 11. Nxc4 $146 ({Vorgänger:} 11.
Bxc4 Qe7 12. Rc1 {1/2-1/2 (33) Gaertner,G (2391)-Posch,W (2282) Austria 2001})
11... Be6 12. Qc2 Nd5 13. Bxg7 Kxg7 14. O-O Qf6 15. Na5 Rab8 16. Bf3 Rfd8 17.
Rfd1 Qe5 {[#] Und ...Sb4 würde nun gewinnen.} 18. Nc4 Qf6 19. Na5 Qe5 {
Droht .. .Sb4 und aus.} 20. Nc4 Qf6 {Precision: Weiß = 64%, Schwarz = 62%.}
1/2-1/2

[Event "Yingmei Cup CHN-chT 2017"]
[Site "?"]
[Date "2017.11.04"]
[Round "18"]
[White "Yu, Ruiyuan"]
[Black "Bu, Xiangzhi"]
[Result "0-1"]
[WhiteElo "2502"]
[BlackElo "2730"]
[Annotator "TA"]
[PlyCount "84"]
[EventDate "2017.??.??"]
[SourceTitle "Tianjin"]

1. e4 c5 2. Nf3 e6 3. d4 cxd4 4. Nxd4 a6 5. c4 Nf6 6. Nc3 Qc7 7. a3 b6 8. Be3
Bb7 {[%emt 0:00:05] B41: Sicilian: Kan Variation: c4} 9. f3 Nc6 10. Rc1 Nxd4
11. Bxd4 Bd6 12. g3 {LiveBook: 4 Games} O-O $146 ({Predecessor:} 12... h5 13.
Qd2 h4 14. g4 Bf4 15. Be3 Bxe3 16. Qxe3 {1/2-1/2 (52) Carlsen,M (2881)
-Morozevich,A (2731) Dubai 2014}) 13. Be2 Be5 14. O-O ({White should try} 14.
Bxe5 $14 Qxe5 15. O-O) 14... d6 ({Better is} 14... Bxg3 $11 15. hxg3 Qxg3+ 16.
Kh1 Qh3+ 17. Kg1 Qg3+ 18. Kh1 Qh3+ 19. Kg1 Qg3+) 15. Qd2 Nd7 16. b4 Rad8 17.
Rcd1 Qc6 18. Bxe5 Nxe5 19. Qd4 Rc8 20. Qxd6 Nxc4 21. Qxc6 Rxc6 22. Bxc4 $1 Rxc4
23. Na4 Rc6 $1 24. Rf2 f5 25. exf5 Rxf5 26. Rd8+ Rf8 27. Rfd2 e5 28. f4 exf4
29. gxf4 h5 30. Kf2 Rxd8 31. Rxd8+ $11 {Endgame KRB-KRN} Kh7 32. Rb8 Rc2+ 33.
Ke3 Bc6 34. Nxb6 Rxh2 35. Rc8 Rh3+ 36. Kd4 Bg2 {And now ...Rf3 would win.} 37.
Nc4 $2 (37. Nd7 $11) 37... Rf3 $1 $19 38. Ke5 $2 (38. Rc5 $17 Rxf4+ 39. Ke3
Rf3+ 40. Ke2) 38... h4 $1 {Strongly threatening ...h3. Black is clearly
winning.} 39. Nd6 h3 40. Nf7 {[#]} Kg6 $1 {...h2 is the strong threat.} 41.
Nh8+ {[#]} Kh5 $1 42. Nf7 Re3+ {Precision: White = 54%, Black = 80%.} 0-1

[Event "Yingmei Cup CHN-chT 2017"]
[Site "?"]
[Date "2017.11.04"]
[Round "18"]
[White "Lin, Chen"]
[Black "Wen, Yang"]
[Result "1/2-1/2"]
[WhiteElo "2477"]
[BlackElo "2600"]
[Annotator "TA"]
[PlyCount "60"]
[EventDate "2017.??.??"]
[SourceTitle "Tianjin"]

1. e4 e5 2. Nf3 Nc6 3. Nc3 Nf6 4. Bb5 Bb4 5. O-O O-O 6. Bxc6 dxc6 7. Nxe5 Re8
8. Nd3 Bxc3 9. dxc3 Nxe4 10. Bf4 {LiveBook: 11 Partien. C49: Vierspringerspiel
(Symmetrische Variante)} Ng5 $146 ({Vorgänger:} 10... Bf5 11. Re1 Nd6 12. Qf3
Bxd3 13. cxd3 Qd7 14. Bxd6 cxd6 15. Re3 Re6 16. Rae1 Rae8 17. h3 g6 {1/2-1/2 
(52) Istratescu,A (2647)-Fressinet,L (2714) Pau 2012}) 11. Re1 Ne6 12. Bg3 {
Weiß steht etwas besser.} b6 13. Nf4 (13. f4 $14) 13... Nxf4 $11 {Die
Stellung ist ausgeglichen.} 14. Bxf4 Qxd1 15. Raxd1 {[#]} Bf5 16. Rxe8+ Rxe8
17. Bxc7 Bxc2 18. Rd8 Rxd8 19. Bxd8 {Endspiel KL-KL} Kf8 20. Kf1 Ke8 21. Bg5 b5
22. Ke2 a5 23. b4 axb4 24. cxb4 Be4 25. g3 Bd5 26. a3 f6 27. Be3 h5 28. h4 Kf7
29. Bc5 Bc4+ 30. Ke3 Bd5 {Precision: Weiß = 71%, Schwarz = 53%.} 1/2-1/2

[Event "Yingmei Cup CHN-chT 2017"]
[Site "?"]
[Date "2017.11.04"]
[Round "18"]
[White "Wang, Yiye"]
[Black "Peng, Xiongjian"]
[Result "0-1"]
[WhiteElo "2439"]
[BlackElo "2412"]
[Annotator "TA"]
[PlyCount "72"]
[EventDate "2017.??.??"]
[SourceTitle "Tianjin"]

1. Nf3 d5 2. g3 Nf6 3. Bg2 e6 4. O-O Be7 5. d4 b5 6. a4 {A46:1 d4 Nf6 2 Nf3 e6:
Torre, London and Colle Systems} (6. Nbd2 Bb7 7. Ne5 Nbd7 8. c4 bxc4 9. Ndxc4
c5 10. Bf4 O-O 11. Rc1 Rc8 12. Qa4 Nxe5 13. dxe5 Bc6 {1/2-1/2 (33) Radjabov,T 
(2738)-Aronian,L (2784) Berlin 2015}) 6... b4 7. c4 a5 $146 (7... bxc3 $11 8.
Nxc3 Nbd7) ({Predecessor:} 7... bxc3 8. Nxc3 O-O 9. Bf4 Na6 10. Ne5 Bb7 11. Qb3
Rb8 12. Nb5 Nh5 13. Nxa7 Nxf4 14. gxf4 Nb4 15. Rfc1 Bd6 16. Qc3 {1-0 (63)
Vidit,S (2625)-Sengupta,D (2566) Al Ain 2014}) 8. Nbd2 {White is slightly
better.} Nbd7 9. Ne5 Bb7 10. Nxd7 Qxd7 11. Nf3 dxc4 12. Ne5 Qc8 13. Qc2 ({
White should try} 13. Nxc4 $11 O-O 14. Bxb7 Qxb7 15. Be3) 13... Bxg2 $15 14.
Kxg2 {[#]} c3 $1 15. bxc3 c5 $1 16. Qd3 O-O 17. Bb2 Nd7 18. Nc4 Rd8 19. Rfc1
Qa6 20. cxb4 cxb4 21. e4 Rac8 22. Qb3 Rc7 23. Rc2 (23. Ne3 $142 Rcc8 24. Rxc8
Rxc8 25. Qd1) 23... Rdc8 $36 {Black is on the roll.} 24. Rac1 Nf6 25. f3 {[#]}
(25. Kf3 $15) 25... Nxe4 $1 $19 26. fxe4 {Ne3 is the strong threat.} Bg5 27.
Rf1 Rxc4 28. Rcf2 Qb7 29. Qd3 (29. Qf3 $142) 29... f5 30. Re1 Bf6 31. Kh3 fxe4
32. Rxe4 Qd5 33. Qe3 $2 (33. Ref4) 33... Rc2 {aiming for ...Rxf2.Black is
clearly winning.} 34. Ref4 Bg5 35. Qd3 Rxb2 36. Qa6 Rd8 {Precision: White =
52%, Black = 88%.} 0-1

[Event "Yingmei Cup CHN-chT 2017"]
[Site "?"]
[Date "2017.11.04"]
[Round "18"]
[White "Fang, Yan"]
[Black "Inarkiev, Ernesto"]
[Result "1/2-1/2"]
[WhiteElo "2422"]
[BlackElo "2693"]
[Annotator "TA"]
[PlyCount "67"]
[EventDate "2017.??.??"]
[SourceTitle "Tianjin"]

1. Nf3 Nf6 2. g3 d5 3. Bg2 c6 4. O-O Bg4 5. b3 Nbd7 6. Bb2 e6 7. d3 Bd6 8. Nbd2
O-O 9. h3 Bh5 10. e4 e5 {LiveBook: 72 Games. A07: Réti Opening: New York and
Capablanca Systems} (10... Qc7 11. Qe1 e5 12. Nh4 Rfe8 13. Nf5 Bf8 14. Ne3 dxe4
15. dxe4 Nc5 16. f3 Nfd7 17. a4 f6 18. Ndc4 Bf7 19. Rf2 Ne6 20. Bf1 Rad8 {
0-1 (33) Amin,B (2627)-Vaibhav,S (2521) Abu Dhabi 2014}) 11. exd5 cxd5 12. g4
Bg6 13. Nh4 Rc8 14. Nxg6 hxg6 15. c4 $146 ({Predecessor:} 15. Re1 Re8 16. c4
Nc5 17. Bf1 d4 18. b4 Ne6 19. a3 a5 20. Bc1 b6 21. Qb3 Qe7 22. Rb1 axb4 23.
axb4 Ra8 24. Nf3 Nd7 25. Bd2 {1/2-1/2 (25) Eldridge,M (2350)-Penkin,V (2267)
ICCF email 2011}) 15... Re8 (15... Nc5 $1 $11 16. Qe2 d4) 16. cxd5 $14 Bb8 17.
Re1 Nc5 (17... Nb6 $14) 18. Nc4 Nxd5 19. d4 ({Much worse is} 19. Nxe5 Nf4 $11)
19... Na4 20. bxa4 Rxc4 21. dxe5 Nf4 22. Qxd8 ({White should try} 22. Qb3 $16
Qd3 23. Rad1 Qxb3 24. axb3) 22... Rxd8 $11 {The position is equal.} 23. Rad1
Rxd1 24. Rxd1 Bc7 25. Bf1 ({Much weaker is} 25. Bxb7 Rb4 $15) 25... Rxa4 26.
Rd4 Rxa2 27. Rxf4 Rxb2 {Endgame KRB-KRB} 28. Bc4 Bxe5 29. Rxf7 {[#] Rf5+ is
the strong threat.} Kh7 30. g5 Rb4 31. Bd5 Rd4 32. Rd7 Rh4 33. Rd8 Bf4 34. Bg8+
{Precision: White = 72%, Black = 63%.} 1/2-1/2

[Event "Yingmei Cup CHN-chT 2017"]
[Site "?"]
[Date "2017.11.04"]
[Round "18"]
[White "Ding, Yixin"]
[Black "Harika, Dronavalli"]
[Result "1/2-1/2"]
[WhiteElo "2421"]
[BlackElo "2528"]
[Annotator "TA"]
[PlyCount "72"]
[EventDate "2017.??.??"]
[SourceTitle "Tianjin"]

1. d4 c5 2. c3 Nf6 3. Bf4 Qb6 (3... b6 4. e3 Bb7 5. h3 g6 6. Nf3 Bg7 7. Nbd2
O-O 8. Be2 d6 9. O-O Nbd7 10. a4 a6 11. Bh2 Bc6 12. Qb1 Qc8 13. b4 Ra7 14. Rc1
Qa8 15. Bf1 Ne4 16. b5 Nxd2 17. Nxd2 Bb7 18. Nc4 Be4 19. Qb2 a5 {1/2-1/2 (68)
Usmanov,V (2459)-Rakhmanov,A (2669) Sochi 2017}) 4. Qc2 cxd4 5. cxd4 Nc6 6. e3
{A45: Trompowsky Attack} d6 {aiming for ...e5.} 7. Nf3 {[#]} e5 $1 8. Bg5 (8.
dxe5 dxe5) 8... Be7 $146 (8... Nb4 $5 9. Qd1 Be7 $11) ({Predecessor:} 8... Ne4
9. d5 Qa5+ 10. Nc3 Nxc3 11. Qxc3 Qxd5 {0-1 (45) Sarkkinen,H (2146)-Strengell,O
(2398) ICCF email 2008}) 9. dxe5 dxe5 10. Nc3 O-O 11. Bc4 Qc5 12. Bxf6 Bxf6 13.
Ne4 Qb4+ 14. Nfd2 Bd8 15. O-O Kh8 16. Nc3 f5 17. Rad1 Qe7 18. Nd5 Qe8 19. Nb3
b6 20. Bb5 Bb7 21. Rc1 Rc8 22. Nb4 Nxb4 23. Qxc8 $1 Bxc8 24. Bxe8 Ba6 25. Bd7 {
Rfd1 is the strong threat.} Bxf1 26. Kxf1 Nd3 27. Rc8 g6 28. Ke2 e4 29. Nd4 {
[#] And now Ne6 would win.} Be7 30. Nc6 (30. Rc7 $14) 30... Rxc8 $11 {The
position is equal.} 31. Bxc8 {Endgame KBN-KBN} Bf6 32. Nxa7 Bxb2 33. Be6 Kg7
34. f3 Nc5 35. Bc4 Be5 36. h3 exf3+ {Precision: White = 67%, Black = 53%.}
1/2-1/2

[Event "Yingmei Cup CHN-chT 2017"]
[Site "?"]
[Date "2017.11.04"]
[Round "18"]
[White "Khademalsharieh, Sarasadat"]
[Black "Ni, Shiqun"]
[Result "1/2-1/2"]
[WhiteElo "2414"]
[BlackElo "2441"]
[Annotator "TA"]
[PlyCount "60"]
[EventDate "2017.??.??"]
[SourceTitle "Tianjin"]

1. d4 Nf6 2. c4 g6 3. Nf3 Bg7 4. g3 c6 5. Bg2 d5 6. Qb3 a5 {[%emt 0:00:05] D73:
Fianchetto Grünfeld: Nf3} 7. cxd5 a4 8. Qd1 cxd5 9. O-O O-O 10. Ne5 {LiveBook:
4 Games} Bf5 11. Nc3 Ne4 12. Nxa4 Qa5 13. Nc3 $146 ({Predecessor:} 13. b3 b5
14. Nb2 Bxe5 15. dxe5 Nc6 16. Bxe4 dxe4 {0-1 (48) Rustemov,A (2598)-Zvjaginsev,
V (2653) Moscow 2005}) 13... Nxc3 14. bxc3 Qxc3 15. Be3 Rd8 16. Rc1 Qb4 17. Nd3
(17. g4 $11 Bc8 18. h3) 17... Bxd3 18. Qxd3 Rxa2 {[#]} (18... Nc6 $11) 19. Bxd5
$1 $14 Rb2 (19... Rxd5 20. Rc8+) 20. Bg2 Qd6 21. Rfd1 Nc6 22. Bxc6 (22. Rc4 {
looks sharper.} h5 23. h4 Ra2 24. Bxc6 bxc6 25. Rdc1) 22... bxc6 {The position
is equal.} 23. Qa6 Qd5 24. Qxc6 (24. Rxc6 {seems wilder.} Ra2 25. Qb7 Bf6 26.
Re1 Rc2 27. Rc7) 24... Qxc6 25. Rxc6 Rxe2 26. d5 Bf6 27. d6 exd6 28. Rcxd6 Rxd6
29. Rxd6 Kg7 30. Kf1 Ra2 {Precision: White = 60%, Black = 55%.} 1/2-1/2

[Event "Yingmei Cup CHN-chT 2017"]
[Site "?"]
[Date "2017.11.04"]
[Round "18"]
[White "Zhu, Jiner"]
[Black "Gu, Tianlu"]
[Result "0-1"]
[WhiteElo "2363"]
[BlackElo "2187"]
[Annotator "TA"]
[PlyCount "108"]
[EventDate "2017.??.??"]
[SourceTitle "Tianjin"]

1. e4 c5 2. Nf3 Nc6 3. d4 cxd4 4. Nxd4 g6 5. c4 Nf6 6. Nc3 Nxd4 7. Qxd4 d6 8.
Be3 Bg7 9. Be2 O-O 10. Qd2 a5 {B36: Sicilian: Maroczy Bind: Gurgenidze System}
11. Rd1 (11. O-O a4 12. Rac1 Qa5 13. f3 Bd7 14. c5 Bc6 15. cxd6 Rfd8 16. Bc4
Rxd6 17. Qf2 Nd7 18. Rfd1 a3 19. Rxd6 exd6 20. b4 Qxb4 21. Nd5 Qb2 22. Rc2 Qb1+
23. Rc1 Qb2 24. Rc2 {1/2-1/2 (24) Duda,J (2707)-Ivanchuk,V (2728) Tbilisi 2017}
) 11... a4 {LiveBook: 14 Games} 12. e5 (12. O-O $14) 12... Ng4 $11 {The
position is equal.} 13. exd6 Nxe3 14. Qxe3 exd6 {[#]} 15. c5 $146 (15. O-O $11
{keeps the balance.}) ({Predecessor:} 15. O-O Be6 16. b3 axb3 17. axb3 Re8 18.
Qc1 {0-1 (56) Mista,A (2561)-Kanovsky,D (2462) Czechia 2012}) 15... Qa5 {
...a3 is the strong threat.} 16. cxd6 (16. Rxd6 $2 a3 $19) 16... a3 17. O-O (
17. b4 $15 Qxb4 18. O-O Qxc3 19. Qxc3 Bxc3 20. d7) 17... axb2 $17 18. Nd5 Bf5 (
{But not} 18... Qxa2 $6 19. Nb6 $15) (18... Bd7 $1 $17 19. Bc4 Rab8) 19. Ne7+
$15 Kh8 {And now ...Bc2 would win.} 20. Nxf5 Qxf5 ({Reject} 20... gxf5 $6 21.
d7 $14) 21. Qb3 Rfd8 22. Bc4 Qc5 23. Rd5 Qc6 (23... Qa3 $1 $17 24. Qb6 Qa4) 24.
Bb5 $11 Qc3 25. Qxc3 $1 Bxc3 26. a4 $1 Rac8 {Strongly threatening ...Bb4.} 27.
d7 Rc7 $1 28. Rb1 Bf6 29. g3 Rc2 30. Kg2 Kg7 31. Rdd1 Bg5 32. Re1 $1 Rd2 33.
Kf3 Bf6 34. Re4 Bd4 (34... Rd5 $11 {remains equal.}) 35. Re2 $16 Rxe2 36. Kxe2
{Endgame KRB-KRB} h5 37. Kd3 Bf6 38. Kc4 Kf8 39. Kc5 Bc3 40. Kb6 Ke7 41. Rd1 $2
{[#]} (41. Kxb7 $18 {Hoping for a5!} Kd6 42. a5 $1) 41... Bd2 $1 $11 {White
must now prevent ...Bc1.} 42. Kc7 $2 {[#]} (42. Rb1 $11 Bc3 43. Kxb7) (42. Rxd2
b1=Q) 42... Rxd7+ $1 $19 43. Kc8 (43. Bxd7 Bc1) 43... Rd8+ 44. Kxb7 Bc1 45.
Rxd8 b1=Q ({And not} 45... Kxd8 46. Bd3 $11) 46. Rd7+ Ke6 47. Rc7 Bd2 48. Ka6
Qb4 49. Rc6+ Ke7 50. Rc4 Qd6+ 51. Rc6 Qb8 52. h4 Qa8+ (52... Be1 $142 53. f4
Kd8 54. Bf1 Qa8+ 55. Kb5 Qa5+ 56. Kc4 Qxa4+ 57. Kd5 Bf2 58. Rc4 Qa7 59. Bh3
Qb7+ 60. Ke5 Qb2+ 61. Kd6 Qb8+ 62. Kd5 Qb5+ 63. Rc5 Qxc5+ 64. Ke4 Qe3+ 65. Kd5
Qd4+ 66. Kc6 Qc5+ 67. Kb7 Qc7+ 68. Ka8 Qa7#) 53. Kb6 Ba5+ 54. Kc5 Qa7+ {
Precision: White = 59%, Black = 72%.} 0-1

[Event "Yingmei Cup CHN-chT 2017"]
[Site "?"]
[Date "2017.11.04"]
[Round "18"]
[White "Vo, Thi Kim Phung"]
[Black "Zhao, Xue"]
[Result "1-0"]
[WhiteElo "2355"]
[BlackElo "2484"]
[Annotator "TA"]
[PlyCount "77"]
[EventDate "2017.??.??"]
[SourceTitle "Tianjin"]

1. d4 Nf6 2. c4 e6 3. Nc3 Bb4 4. Qc2 O-O 5. Nf3 d5 6. cxd5 exd5 7. Bg5 {
E32: Nimzoindisch (4.Dc2)} (7. Bf4 Nbd7 8. e3 Re8 9. Bd3 c5 10. a3 Bxc3+ 11.
Qxc3 c4 12. Bc2 Ne4 13. Bxe4 dxe4 14. Nd2 b5 {1/2-1/2 (63) Nakamura,H (2792)
-Aronian,L (2799) Saint Louis 2017}) 7... c6 8. e3 Nbd7 9. Bd3 Qa5 10. O-O Re8
{LiveBook: 12 Partien} 11. Bf4 Nf8 12. h3 Ng6 13. Bg3 Ne4 $146 ({Vorgänger:} 
13... Bxc3 14. bxc3 Ne4 15. Bxe4 dxe4 16. Nd2 f5 17. Nc4 {1-0 (58) Vasilevich,
T (2415)-Palao,M (2137) Bled 2002}) 14. Bxe4 (14. Nxe4 $2 dxe4 15. Bxe4 Rxe4 $1
$19) 14... dxe4 15. Nd2 (15. Nxe4 $2 Rxe4 $1 16. a3 (16. Qxe4 $2 Bf5 $19) 16...
Bf8 $19) 15... Bf5 16. a3 ({Viel schlechter ist} 16. Ndxe4 b6 $11) 16... Bxc3
17. Nc4 (17. bxc3 {is more complex.} Be6 18. c4 f5 19. a4 Qd8 20. Rab1) 17...
Qd8 (17... Qd5 $11 18. Qxc3 Red8) 18. Qxc3 ({Besser ist} 18. bxc3 $16 Re6 19.
Rfb1) 18... Re6 19. Rac1 Ne7 20. Qb4 b6 21. Rfd1 h5 22. Bh4 f6 23. Bg3 Kh7 24.
Qe1 g5 25. Qe2 h4 26. Bh2 Qd7 27. b4 Rg8 28. Qh5+ Kg7 29. Rd2 ({Natürlich
nicht} 29. Be5 fxe5 30. Nxe5 Qe8 $17) 29... Kf8 30. Kh1 Rg7 31. Rdc2 g4 {
Und ...Th7 würde nun gewinnen.} 32. Qxh4 Rh7 33. Qg3 gxh3 34. Rg1 (34. Qb8+
$11 {bleibt in der Remisbreite.} Qc8 35. Qxc8+ (35. Qxa7 hxg2+ 36. Kxg2 Nd5 $11
) 35... Nxc8 36. Nd2) 34... Ng6 (34... hxg2+ $17 35. Rxg2 Qd8) 35. Qb8+ $14 Ke7
$2 {[#]} (35... Re8 $14 36. Qd6+ Kg7) 36. g4 $1 $18 {Weiß steht klar auf
Gewinn.} Nh4 37. gxf5 Nxf5 38. Qg8 Rf7 39. Qh8 {Precision: Weiß = 51%,
Schwarz = 41%.} 1-0

[Event "Yingmei Cup CHN-chT 2017"]
[Site "?"]
[Date "2017.11.04"]
[Round "18"]
[White "Zhang, Xiaowen"]
[Black "Shen, Yang"]
[Result "1/2-1/2"]
[WhiteElo "2328"]
[BlackElo "2473"]
[Annotator "TA"]
[PlyCount "50"]
[EventDate "2017.??.??"]
[SourceTitle "Tianjin"]

1. e4 e5 2. Nf3 Nc6 3. Bb5 Nf6 4. d3 Bc5 5. c3 O-O 6. Bg5 {C65: Ruy Lopez:
Berlin Defence (3...Nf6), unusual lines and 4 0-0 Bc5} h6 7. Bh4 Be7 8. O-O d6
9. Nbd2 {LiveBook: 6 Games} Nh5 10. Bxe7 Qxe7 11. Nc4 Nf4 12. Ne3 Qf6 13. g3
Nh3+ {[#]} 14. Kh1 $146 Ne7 15. Bc4 Ng6 16. Qe2 c6 17. Bb3 a5 18. a4 Be6 19.
Bxe6 fxe6 {The position is equal.} 20. Nd2 Nxf2+ 21. Kg2 {[#]} Nh4+ $1 22. Kg1
(22. gxh4 Qg6+) 22... Nh3+ 23. Kh1 Nf2+ 24. Kg1 Nh3+ 25. Kh1 Nf2+ {Precision:
White = 67%, Black = 44%.} 1/2-1/2

[Event "Yingmei Cup CHN-chT 2017"]
[Site "?"]
[Date "2017.11.04"]
[Round "18"]
[White "Xiao, Yiyi"]
[Black "Tan, Zhongyi"]
[Result "1/2-1/2"]
[WhiteElo "2310"]
[BlackElo "2523"]
[Annotator "TA"]
[PlyCount "61"]
[EventDate "2017.??.??"]
[SourceTitle "Tianjin"]

1. d4 Nf6 2. c4 e6 3. g3 Bb4+ 4. Bd2 c5 5. Bg2 O-O 6. Bxb4 cxb4 7. Nf3 a5 8. a3
Na6 9. O-O d6 10. axb4 {E11: Bogo-Indian} (10. Nbd2 Qc7 11. Rc1 b6 12. Ne1 Bb7
13. Qb3 e5 14. Nc2 Bxg2 15. Kxg2 bxa3 16. bxa3 Rfe8 17. Rfd1 h5 {1-0 (61)
Vidit,S (2689)-Moiseenko,A (2657) Doha 2016}) 10... Nxb4 11. Nc3 Qc7 12. b3 {
LiveBook: 9 Games. White has an edge.} Rd8 13. Qc1 b6 $146 ({Predecessor:} 
13... Bd7 14. Rd1 h6 15. Qb2 Bc6 16. Rac1 Qe7 17. Na4 Bxa4 18. bxa4 {1/2-1/2 
(47) Fernandez Rivero,K (2055)-Ortega Amarelle,M (2446) Havana 2013}) 14. Qf4
Bb7 15. e4 Rac8 16. e5 dxe5 17. Nxe5 Bxg2 18. Kxg2 Qb7+ 19. Qf3 Qxf3+ {The
position is equal.} 20. Nxf3 g5 21. Nxg5 Rxd4 22. Rfd1 Rcd8 23. Rxd4 Rxd4 24.
c5 Nbd5 25. Nf3 (25. Nb5 {is interesting.} Rd3 26. Nd6 Nd7 27. cxb6 Ne3+ 28.
fxe3 Rxd6 29. Rxa5 Rxb6 30. Ra3) 25... Rd3 26. Nxd5 Nxd5 27. cxb6 {[#]
Threatens to win with b4.} Rxb3 28. Rxa5 Rxb6 29. Ra7 Rb5 30. Ng5 Ne3+ $1 31.
fxe3 {Precision: White = 41%, Black = 71%.} 1/2-1/2